| 000 | 00345nam a22001457a 4500 | ||
|---|---|---|---|
| 008 | 230516b ||||| |||| 00| 0 eng d | ||
| 020 | _a9780805375657 | ||
| 041 | _aeng | ||
| 080 |
_2THIRD EDITION _a004 |
||
| 082 | _a004SOB | ||
| 100 | _a18 | ||
| 101 | _aSHKP | ||
| 245 |
_aA PRACTICAL GUIDE TO THE UNIX SYSTEM _cSOBELL.G.M |
||
| 942 |
_2udc _cBK |
||
| 999 |
_c59752 _d59752 |
||